Category Elimination - Disney Animated Movies - Statistics

General Stats
  • This quiz has been taken 50,150 times
    40,518 since last reset
  • The average score is 9 of 16
Answer Stats
Group # Category % Correct
Green 46 DAMs with more than one word
98%
Orange 38 DAMs released before the year 2000
87%
Purple 50 DAMs which aren't a Disney Princess movie
79%
Purple 29 ... with a Rotten Tomatoes score of 80% or more
74%
Green 15 ... with a runtime of at least 85 minutes
73%
Blue 5 ... with just one word in its name
73%
Orange 15 ... with a budget of at least $10 million
71%
Orange 8 ... with the word "the" in the title
71%
Purple 9 ... which has an Academy Award
61%
Purple 1 ... with a runtime of at least 2 hours Fantasia
54%
Blue 15 ... with a non-human character in its title
45%
Green 9 ... nominated for but didn't win an Academy Award
43%
Blue 40 DAMs with at least $100m at the box office
28%
Orange 1 ... with a Metacritic score of at least 90 Beauty and the Beast
28%
Green 1 ... with a number in its title Frozen II
16%
Blue 1 ... which is also a type of reptile Dinosaur
13%
No matching quizzes found
Score Distribution
Percent of People with Each Score
Percentile by Number Answered
Your Score History
You have not taken this quiz since the last reset